书目信息 |
| 题名: |
中华民俗万年历
|
|
| 作者: | 任宪宝 编著 | |
| 分册: | ||
| 出版信息: | 北京 中国商业出版社 2018重印 |
|
| 页数: | 399页 | |
| 开本: | 21cm | |
| 丛书名: | ||
| 单 册: | ||
| 中图分类: | P195.2 , K892 | |
| 科图分类: | ||
| 主题词: | 历书--li shu--中国--1930-2120 , 风俗习惯--feng su xi guan--中国 | |
| 电子资源: | ||
| ISBN: | 978-7-5044-7891-7 | |
| 000 | 00858nam0 2200265 45 | |
| 001 | 012001001490 | |
| 005 | 20140108114033.0 | |
| 010 | @a978-7-5044-7891-7@dCNY58.00 | |
| 099 | @aCAL 012012282977 | |
| 100 | @a20121120d2012 em y0chiy0121 ea | |
| 101 | 0 | @achi |
| 102 | @aCN@b110000 | |
| 105 | @ay z 000yy | |
| 106 | @ar | |
| 200 | 1 | @a中华民俗万年历@Azhong hua min su wan nian li@e1930-2120@f任宪宝编著 |
| 210 | @a北京@c中国商业出版社@d2018重印 | |
| 215 | @a399页@d21cm | |
| 330 | @a本书包括了天文历法、传统节日、生肖星座、民俗礼俗、民俗禁忌、民间传说、养生保健、居家风水、吉凶趋势等内容。 | |
| 606 | 0 | @a历书@Ali shu@y中国@z1930-2120 |
| 606 | 0 | @a风俗习惯@Afeng su xi guan@y中国 |
| 690 | @aP195.2@v5 | |
| 690 | @aK892@v5 | |
| 701 | 0 | @a任宪宝@Aren xian bao@4编著 |
| 801 | 0 | @aCN@b北京卓展@c20191020 |
| 905 | @b1201999-2002@dP195.2@e297@f4 | |
| 中华民俗万年历:1930-2120/任宪宝编著.-北京:中国商业出版社,2018重印 |
| 399页;21cm |
| ISBN 978-7-5044-7891-7:CNY58.00 |
| 本书包括了天文历法、传统节日、生肖星座、民俗礼俗、民俗禁忌、民间传说、养生保健、居家风水、吉凶趋势等内容。 |
| ● |
| 相关链接 |
|
|
|
|
正题名:中华民俗万年历
索取号:P195.2/297
 
预约/预借
| 序号 | 登录号 | 条形码 | 馆藏地/架位号 | 状态 | 备注 |
| 1 | 1201999 | 212019992 | 第二样本阅览室/ [索取号:P195.2/297] | 在馆 | |
| 2 | 1202000 | 212020007 | 第三借阅区/ [索取号:P195.2/297] | 在馆 | |
| 3 | 1202001 | 212020016 | 第三借阅区/ [索取号:P195.2/297] | 在馆 | |
| 4 | 1202002 | 212020025 | 第三借阅区/ [索取号:P195.2/297] | 在馆 |